Spell the Marvel Character #5 - Statistics

General Stats
  • This quiz has been taken 99 times
  • The average score is 9 of 11
Answer Stats
Picture Answer % Correct
Deadpool
100%
Star-lord
100%
Punisher
95%
Red Hulk
95%
Luke Cage
88%
Iceman
85%
Echo
81%
Spider-Girl
72%
Gwenpool
69%
Rescue
64%
Iron Lad
47%
No matching quizzes found
Score Distribution
Percent of People with Each Score
Percentile by Number Answered
Your Score History
You have not taken this quiz